| 000 | 00777cam a22002651 4500 | ||
|---|---|---|---|
| 001 | agr52000409 | ||
| 003 | DLC | ||
| 005 | 20260227111016.0 | ||
| 008 | 740830s1952 nyua b 000 0 eng c | ||
| 010 | _aagr52000409 | ||
| 015 | _aGB52-5658 | ||
| 035 | _a(OCoLC)993794 | ||
| 040 |
_aU.S. Dept. of Agr. Library _cPSrS _dOCoLC _dNcRS _dUk _dDLC |
||
| 042 | _apremarc | ||
| 050 | 0 | 0 |
_aSB732 _b.W3 |
| 082 | _a635 | ||
| 100 | 1 |
_aWalker, J. C. _q(John Charles), _d1893- |
|
| 245 | 1 | 0 | _aDiseases of vegetable crops. |
| 250 | _a1st ed. | ||
| 260 |
_aNew York, _bMcGraw-Hill, _c1952. |
||
| 300 |
_aix, 529 p. _billus. _c24 cm. |
||
| 440 | 0 | _aMcGraw-Hill publications in the agricultural sciences | |
| 504 | _aIncludes bibliographies. | ||
| 650 | 0 |
_aVegetables _xDiseases and pests. |
|
| 999 |
_c11451 _d11451 |
||